000 00654nam a22002057a 4500
005 20231123130207.0
010 _aENG-138441
020 _c499.00
_a9789389253832
035 _aEN-121973
037 _bDBAD/PUB
082 _a921
100 _aNooyi, K. Indra
_959037
245 _aMy life in full:
_bWork, family, and our futrure/
_cby Indra K. Nooyi
260 _aGurugram
_bHachette Book Publishing India Pvt.Ltd
_c2021
270 _bGurugram
_a4th/5th Floor, Corporate Centre, Plot No.94, Sector 44
_e122003
300 _a325p.
_c20cm (pbk)
700 _959023
_eedited
700 _959024
_eedited
942 _2ddc
_cEN
_h921
_mNOO
999 _c199204
_d199204